Online katalóg knižníc regiónu Turca

Rozprávanie o stromoch a lesoch / (Record no. 20237)

MARC details
000 -LEADER
fixed length control field 00781nam a22002411 4500
001 - CONTROL NUMBER
control field 20237
003 - CONTROL NUMBER IDENTIFIER
control field CZ PrNK
005 - DATE AND TIME OF LATEST TRANSACTION
control field 20260120102751.0
008 - FIXED-LENGTH DATA ELEMENTS--GENERAL INFORMATION
fixed length control field 030525s1956 xo slo
040 ## - CATALOGING SOURCE
Original cataloging agency ABA001
Language of cataloging cze
Transcribing agency ABA001
Modifying agency ABA001
041 1# - LANGUAGE CODE
Language code of text/sound track or separate title slo
Language code of original cze
080 ## - UNIVERSAL DECIMAL CLASSIFICATION NUMBER
Universal Decimal Classification number 634.9(084.1)
Edition identifier undef
100 1# - MAIN ENTRY--PERSONAL NAME
Personal name Němec, Bohumil,
Dates associated with a name 1873-1966
Relationship aut
245 10 - TITLE STATEMENT
Title Rozprávanie o stromoch a lesoch /
Statement of responsibility, etc. [Nap.] B. Němec ; Z čes. rkp. prel., častočne pozmenila, dopl. a terminologicky uprav. Mária Luxová
250 ## - EDITION STATEMENT
Edition statement 1. vyd.
260 ## - PUBLICATION, DISTRIBUTION, ETC.
Place of publication, distribution, etc. Martin :
Name of publisher, distributor, etc. Osveta,
Date of publication, distribution, etc. 1956
Manufacturer (Severoslovenské tlač.)
300 ## - PHYSICAL DESCRIPTION
Extent 233, [4] s. :
Other physical details il. ;
Dimensions
490 1# - SERIES STATEMENT
Series statement Náučná knižnica ;
Volume/sequential designation Zv. 7
500 ## - GENERAL NOTE
General note 2200 výtl.
830 #0 - SERIES ADDED ENTRY--UNIFORM TITLE
Uniform title Náučná knižnica
910 ## - USER-OPTION DATA (OCLC)
User-option data ABA001
942 ## - ADDED ENTRY ELEMENTS (KOHA)
Source of classification or shelving scheme Dewey Decimal Classification
Koha item type Odborná literatúra pre dospelých
Suppress in OPAC No
Holdings
Stav vyradenia Strata Poškodenie Spôsob nadobudnutia Domovská knižnica Aktuálna knižnica Dátum nadobudnutia Total checkouts Čiarový kód exemplára Date last seen Typ exemplára
      Dar Obecná knižnica Horná Štubňa Obecná knižnica Horná Štubňa 20.01.2026   4736200245 20.01.2026 Odborná literatúra pre dospelých
Projekt je podporený Slovenskou asociáciou knižníc
Prevádzkuje Turčianska knižnica Martin 2026